Ephesians and Colossians / (Record no. 6771)
[ view plain ]
| 000 -LEADER | |
|---|---|
| fixed length control field | 01202cam a2200325 a 4500 |
| 001 - CONTROL NUMBER | |
| control field | 14959138 |
| 003 - CONTROL NUMBER IDENTIFIER | |
| control field | GBCCL |
| 005 - DATE AND TIME OF LATEST TRANSACTION | |
| control field | 20241126110611.0 |
| 008 - FIXED-LENGTH DATA ELEMENTS--GENERAL INFORMATION | |
| fixed length control field | 070809s2007 miuab b 001 0 eng |
| 010 ## - | |
| -- | 2007033127 |
| 020 ## - INTERNATIONAL STANDARD BOOK NUMBER | |
| International Standard Book Number | 9780801031281 (pbk.) |
| 020 ## - INTERNATIONAL STANDARD BOOK NUMBER | |
| International Standard Book Number | 0801031281 (pbk.) |
| 035 ## - SYSTEM CONTROL NUMBER | |
| System control number | (OCoLC)ocn154685859 |
| 035 ## - SYSTEM CONTROL NUMBER | |
| System control number | (OCoLC)154685859 |
| 040 ## - CATALOGING SOURCE | |
| Original cataloging agency | DLC |
| Transcribing agency | DLC |
| Modifying agency | DLC |
| 050 00 - | |
| -- | BS2695.53 |
| -- | .T35 2007 |
| 082 00 - DEWEY DECIMAL CLASSIFICATION NUMBER | |
| Classification number | 227.507 |
| Edition information | 22 |
| Item number | TAL |
| 100 1# - MAIN ENTRY--PERSONAL NAME | |
| Personal name | Talbert, Charles H. |
| 9 (RLIN) | 12148 |
| 245 10 - TITLE STATEMENT | |
| Title | Ephesians and Colossians / |
| Statement of responsibility, etc. | Charles H. Talbert. |
| 260 ## - PUBLICATION, DISTRIBUTION, ETC. | |
| Place of publication, distribution, etc. | Grand Rapids, Mich. : |
| Name of publisher, distributor, etc. | Baker Academic, |
| Date of publication, distribution, etc. | c2007. |
| 300 ## - PHYSICAL DESCRIPTION | |
| Extent | xix, 296 p. : |
| Other physical details | ill., maps ; |
| Dimensions | 23 cm. |
| 490 0# - SERIES STATEMENT | |
| Series statement | Paideia : commentaries on the New Testament |
| 504 ## - BIBLIOGRAPHY, ETC. NOTE | |
| Bibliography, etc. note | Includes bibliographical references (p. 249-269) and indexes. |
| 630 00 - SUBJECT ADDED ENTRY--UNIFORM TITLE | |
| Uniform title | Bible. |
| Name of part/section of a work | Ephesians |
| Form subdivision | Commentaries. |
| 9 (RLIN) | 3075 |
| 630 00 - SUBJECT ADDED ENTRY--UNIFORM TITLE | |
| Uniform title | Bible. |
| Name of part/section of a work | Colossians |
| Form subdivision | Commentaries. |
| 9 (RLIN) | 12149 |
| 856 41 - ELECTRONIC LOCATION AND ACCESS | |
| Materials specified | Table of contents only |
| Uniform Resource Identifier | <a href="http://www.loc.gov/catdir/toc/ecip0724/2007033127.html">http://www.loc.gov/catdir/toc/ecip0724/2007033127.html</a> |
| 906 ## - LOCAL DATA ELEMENT F, LDF (RLIN) | |
| a | 7 |
| b | cbc |
| c | orignew |
| d | 1 |
| e | ecip |
| f | 20 |
| g | y-gencatlg |
| 942 ## - ADDED ENTRY ELEMENTS (KOHA) | |
| Source of classification or shelving scheme | Dewey Decimal Classification |
| Koha item type | Reference Books |
| Withdrawn status | Lost status | Source of classification or shelving scheme | Damaged status | Not for loan | Home library | Current Library | Shelving location | Date acquired | Total checkouts | Full call number | Barcode | Date last seen | Copy number | Price effective from | Koha item type |
|---|---|---|---|---|---|---|---|---|---|---|---|---|---|---|---|
| Dewey Decimal Classification | GRACE BIBLE COLLEGE | GRACE BIBLE COLLEGE | Commentary | 2018-06-27 | 227.507 TAL | 010412 | 2025-05-01 | c.1 | 2018-06-27 | Reference Books |